header

Ida B. Wells-Barnett and American reform, 1880-1930 (Record no. 9797)

MARC details
000 -LEADER
fixed length control field 01921nam a2200445Ia 4500
001 - CONTROL NUMBER
control field ebr10022618
003 - CONTROL NUMBER IDENTIFIER
control field CaPaEBR
006 - FIXED-LENGTH DATA ELEMENTS--ADDITIONAL MATERIAL CHARACTERISTICS--GENERAL INFORMATION
fixed length control field m u
007 - PHYSICAL DESCRIPTION FIXED FIELD--GENERAL INFORMATION
fixed length control field cr cn|||||||||
008 - FIXED-LENGTH DATA ELEMENTS--GENERAL INFORMATION
fixed length control field 001207s2001 ncuab sb s001 0beng d
010 ## - LIBRARY OF CONGRESS CONTROL NUMBER
Canceled/invalid LC control number 00068313
020 ## - INTERNATIONAL STANDARD BOOK NUMBER
Cancelled/invalid ISBN 0807875465
Cancelled/invalid ISBN 0807826332 (cloth : alk. paper)
Cancelled/invalid ISBN 0807849650 (pbk. : alk. paper)
040 ## - CATALOGING SOURCE
Original cataloging agency CaPaEBR
Transcribing agency CaPaEBR
035 ## - SYSTEM CONTROL NUMBER
System control number (OCoLC)559706431
050 14 - LIBRARY OF CONGRESS CALL NUMBER
Classification number E185.97.W55
Item number S34 2001eb
082 04 - DEWEY DECIMAL CLASSIFICATION NUMBER
Classification number 323/.092
-- B
Edition number 21
100 1# - MAIN ENTRY--PERSONAL NAME
Personal name Schechter, Patricia Ann,
Dates associated with a name 1964-
245 10 - TITLE STATEMENT
Title Ida B. Wells-Barnett and American reform, 1880-1930
Medium [electronic resource] /
Statement of responsibility, etc Patricia A. Schechter.
260 ## - PUBLICATION, DISTRIBUTION, ETC. (IMPRINT)
Place of publication, distribution, etc Chapel Hill :
Name of publisher, distributor, etc University of North Carolina Press,
Date of publication, distribution, etc c2001.
300 ## - PHYSICAL DESCRIPTION
Extent xviii, 386 p. :
Other physical details ill., maps.
490 1# - SERIES STATEMENT
Series statement Gender and American culture
504 ## - BIBLIOGRAPHY, ETC. NOTE
Bibliography, etc Includes bibliographical references (p. [323]-361) and index.
533 ## - REPRODUCTION NOTE
Type of reproduction Electronic reproduction.
Place of reproduction Palo Alto, Calif. :
Agency responsible for reproduction ebrary,
Date of reproduction 2009.
Note about reproduction Available via World Wide Web.
-- Access may be limited to ebrary affiliated libraries.
600 10 - SUBJECT ADDED ENTRY--PERSONAL NAME
Personal name Wells-Barnett, Ida B.,
Dates associated with a name 1862-1931.
650 #0 - SUBJECT ADDED ENTRY--TOPICAL TERM
Topical term or geographic name as entry element African American women civil rights workers
Form subdivision Biography.
Topical term or geographic name as entry element Civil rights workers
Geographic subdivision United States
Form subdivision Biography.
Topical term or geographic name as entry element African American women social reformers
Form subdivision Biography.
Topical term or geographic name as entry element African American women political activists
Form subdivision Biography.
Topical term or geographic name as entry element African American women journalists
Form subdivision Biography.
Topical term or geographic name as entry element Lynching
Geographic subdivision United States
General subdivision History.
Topical term or geographic name as entry element African Americans
General subdivision Politics and government.
Topical term or geographic name as entry element Women's rights
Geographic subdivision United States
General subdivision History.
651 #0 - SUBJECT ADDED ENTRY--GEOGRAPHIC NAME
Geographic name United States
General subdivision Race relations.
655 #7 - INDEX TERM--GENRE/FORM
Genre/form data or focus term Electronic books.
Source of term local
710 2# - ADDED ENTRY--CORPORATE NAME
Corporate name or jurisdiction name as entry element ebrary, Inc.
830 #0 - SERIES ADDED ENTRY--UNIFORM TITLE
Uniform title Gender & American culture.
856 40 - ELECTRONIC LOCATION AND ACCESS
Uniform Resource Identifier <a href="http://site.ebrary.com/lib/rucke/Doc?id=10022618">http://site.ebrary.com/lib/rucke/Doc?id=10022618</a>
Public note An electronic book accessible through the World Wide Web; click to view

No items available.

© 2026 Rongo University
Contact us: librarian | system librarian | Rongo university